00802nam a2200229Ia 450000500170000000800390001702000150005604100080007108200170007910000470009624500830014325000220022630000180024860000660026665100350033265100480036726400340041533600270044933700330047633800280050904000350053720220316235419.0121119s1998 ck gr 000 0 spa a95836004310 aspa04a923.2 bG13O1 aOsorio Lizarazo, José Antoniod1900-196410aGaitán bvida, muerte y permanente presenciacJosé Antonio Osorio Lizarazo aPrimera edición a313 páginas14aGaitán, Jorge EliecerxPolíticos Colombianos y1903-1948  4aColombia xHistoriaySiglo XX  4aColombiaxPolítica y gobierno ySiglo XX  aBogotá bEl Áncora c1998 atextobtxt2rdacontent asin mediaciónbn2rdamedia avolumenbnc2rdacarrier aCO-BoRNBPbspaerdacCO-BoRNBP